|
|
|
|
| LEADER |
03300nam a22005775i 4500 |
| 001 |
978-3-540-28712-4 |
| 003 |
DE-He213 |
| 005 |
20151204174344.0 |
| 007 |
cr nn 008mamaa |
| 008 |
100315s2005 gw | s |||| 0|eng d |
| 020 |
|
|
|a 9783540287124
|9 978-3-540-28712-4
|
| 024 |
7 |
|
|a 10.1007/11549819
|2 doi
|
| 040 |
|
|
|d GrThAP
|
| 050 |
|
4 |
|a QA76.9.D3
|
| 072 |
|
7 |
|a UN
|2 bicssc
|
| 072 |
|
7 |
|a UMT
|2 bicssc
|
| 072 |
|
7 |
|a COM021000
|2 bisacsh
|
| 082 |
0 |
4 |
|a 005.74
|2 23
|
| 245 |
1 |
0 |
|a Peer-to-Peer, Grid, and Service-Orientation in Digital Library Architectures
|h [electronic resource] :
|b 6th Thematic Workshop of the EU Network of Excellence DELOS, Cagliari, Italy, June 24-25, 2004. Revised Selected Papers /
|c edited by Can Türker, Maristella Agosti, Hans-Jörg Schek.
|
| 264 |
|
1 |
|a Berlin, Heidelberg :
|b Springer Berlin Heidelberg,
|c 2005.
|
| 300 |
|
|
|a X, 266 p.
|b online resource.
|
| 336 |
|
|
|a text
|b txt
|2 rdacontent
|
| 337 |
|
|
|a computer
|b c
|2 rdamedia
|
| 338 |
|
|
|a online resource
|b cr
|2 rdacarrier
|
| 347 |
|
|
|a text file
|b PDF
|2 rda
|
| 490 |
1 |
|
|a Lecture Notes in Computer Science,
|x 0302-9743 ;
|v 3664
|
| 505 |
0 |
|
|a An Overview of the EGEE Project -- Grid Computing Using Web Services Technologies -- Similarity Grid for Searching in Metric Spaces -- Organisation-Oriented Super-Peer Networks for Digital Libraries -- A Combined Hyperdatabase and Grid Infrastructure for Data Stream Management and Digital Library Processes -- The MINERVA Project: Towards Collaborative Search in Digital Libraries Using Peer-to-Peer Technology -- Distribution Alternatives for Superimposed Information Services in Digital Libraries -- Towards a Service-Oriented Architecture for the Adaptive Delivery of Heterogeneous Cultural Resources -- Analysis and Evaluation of Service Oriented Architectures for Digital Libraries -- A System Architecture as a Support to a Flexible Annotation Service -- A Service-Oriented Grid Infrastructure for Multimedia Management and Search -- StreamOnTheFly: A Network for Radio Content Dissemination -- Supporting Information Access in Next Generation Digital Library Architectures -- Query Trading in Digital Libraries -- Moving Digital Library Service Systems to the Grid.
|
| 650 |
|
0 |
|a Computer science.
|
| 650 |
|
0 |
|a Computer communication systems.
|
| 650 |
|
0 |
|a Database management.
|
| 650 |
|
0 |
|a Information storage and retrieval.
|
| 650 |
|
0 |
|a Multimedia information systems.
|
| 650 |
|
0 |
|a User interfaces (Computer systems).
|
| 650 |
1 |
4 |
|a Computer Science.
|
| 650 |
2 |
4 |
|a Database Management.
|
| 650 |
2 |
4 |
|a Information Systems Applications (incl. Internet).
|
| 650 |
2 |
4 |
|a Information Storage and Retrieval.
|
| 650 |
2 |
4 |
|a User Interfaces and Human Computer Interaction.
|
| 650 |
2 |
4 |
|a Computer Communication Networks.
|
| 650 |
2 |
4 |
|a Multimedia Information Systems.
|
| 700 |
1 |
|
|a Türker, Can.
|e editor.
|
| 700 |
1 |
|
|a Agosti, Maristella.
|e editor.
|
| 700 |
1 |
|
|a Schek, Hans-Jörg.
|e editor.
|
| 710 |
2 |
|
|a SpringerLink (Online service)
|
| 773 |
0 |
|
|t Springer eBooks
|
| 776 |
0 |
8 |
|i Printed edition:
|z 9783540287117
|
| 830 |
|
0 |
|a Lecture Notes in Computer Science,
|x 0302-9743 ;
|v 3664
|
| 856 |
4 |
0 |
|u http://dx.doi.org/10.1007/11549819
|z Full Text via HEAL-Link
|
| 912 |
|
|
|a ZDB-2-SCS
|
| 912 |
|
|
|a ZDB-2-LNC
|
| 950 |
|
|
|a Computer Science (Springer-11645)
|